000 00311nam a2200133 i 4500
001 bg
100 1 _aHUTCHIN, Kenneth C.
245 0 _aŻona też człowiek /
_cKenneth C. Hutchin.
260 _aWarszawa,
_c1967.
040 _cBPK
041 _apol
942 _cKS
008 s pl f |000 0 pol
999 _c21344
_d21344
856 _uhttp://koha.tu.koszalin.pl/cgi-bin/koha/opac-detail.pl?biblionumber=21344
_yKatalog online BPK